|
|
|
|
| LEADER |
01601nam a2200373 i 4500 |
| 001 |
37122 |
| 003 |
BD-DhAAL |
| 005 |
20211114133311.0 |
| 008 |
200224t2019 inu b 001 0 eng d |
| 999 |
|
|
|c 42211
|d 42211
|
| 010 |
|
|
|a 2018009980
|
| 020 |
|
|
|a 9781945349157 (perfect bound)
|
| 040 |
|
|
|a DLC
|b eng
|c DLC
|e rda
|d DLC
|d BD-DhAAL
|
| 042 |
|
|
|a pcc
|
| 050 |
0 |
0 |
|a LB3051
|b .M37 2018
|
| 082 |
0 |
0 |
|a 371.26
|2 23
|
| 100 |
1 |
|
|a Marzano, Robert J.
|9 39522
|
| 245 |
1 |
4 |
|a The new art and science of classroom assessment /
|c Robert J. Marzano, Jennifer S. Norford, Mike Ruyle.
|
| 260 |
|
|
|a Bloomington, IN :
|b Solution Tree Press,
|c c2019
|
| 300 |
|
|
|a viii, 136 pages :
|b illustrations ;
|c 28 cm.
|
| 504 |
|
|
|a Includes bibliographical references (pages 129-131) and index.
|
| 526 |
|
|
|a CSE
|
| 541 |
|
|
|a Karim International
|e 37122, 37123
|
| 650 |
|
0 |
|a Educational tests and measurements.
|9 39523
|
| 650 |
|
0 |
|a Students
|x Rating of.
|9 39524
|
| 650 |
|
0 |
|a Classroom management.
|9 39525
|
| 650 |
|
0 |
|a Educational change.
|9 39526
|
| 650 |
|
0 |
|a Computer science.
|9 42598
|
| 700 |
1 |
|
|a Norford, Jennifer S.
|9 39527
|
| 700 |
1 |
|
|a Ruyle, Mike
|9 39528
|
| 852 |
|
|
|a Ayesha Abed Library
|c General Stacks
|
| 942 |
|
|
|2 ddc
|c BK
|
| 952 |
|
|
|0 0
|1 0
|2 ddc
|4 0
|6 371_260000000000000_MAR
|7 0
|9 67928
|a BRACUL
|b BRACUL
|c GEN
|d 2020-02-11
|e Karim International
|g 2600.00
|l 1
|o 371.26 MAR
|p 3010037122
|r 2022-05-09
|s 2022-01-09
|t 1
|v 2600.00
|w 2020-02-11
|y BK
|
| 952 |
|
|
|0 0
|1 0
|2 ddc
|4 0
|6 371_260000000000000_MAR
|7 0
|9 67929
|a BRACUL
|b BRACUL
|c GEN
|d 2020-02-11
|e Karim International
|g 2600.00
|l 0
|o 371.26 MAR
|p 3010037123
|r 2020-02-11
|t 2
|v 2600.00
|w 2020-02-11
|y BK
|